00770nam a22002777b 4500001001100000003000900011005001700020007001100037008003300048015000600081017000900087020001800096035000600114040002800120082002800148245004900176260003200225300002800257490003100285648000600316650003600322650003800358650004600396650003500442710001500477 002163232DO-SdBPM20250219105740.0 002163232070227s2006 sp a ||| ||spa  a  a b  a9788498204322 a  aDO-SdBPMbspacBPMSUe  4a372.357bM678a 200622200aMis animales favoritos :bel hipopótamoh  aMadrid :bEl País,c2006. a47 p. : bil. ;c19 cm0 aMis animales favoritos,v6 x  4aAnimales xEnseñanza primaria 4aNaturaleza xEnseñanza primaria 4aHipopótamosxHábitos y conductav 2  4aAnimales vCuentos infantiles 2 aEl País